Statistics for Countries With No Repeated Letters

Click here to take the quiz!

General Stats

  • This quiz has been taken 43 times
  • The average score is 45 of 54

Answer Stats

ContinentAnswer% Correct
S.AmericaChile
97%
AsiaChina
97%
EuropeFrance
97%
AsiaIran
97%
EuropeIreland
97%
S.AmericaBrazil
95%
EuropeGermany
95%
AsiaIraq
95%
EuropeItaly
95%
AsiaLaos
95%
EuropePoland
95%
EuropePortugal
95%
EuropeBelgium
92%
AfricaEgypt
92%
EuropeIceland
92%
AsiaOman
92%
AsiaTurkey
92%
EuropeDenmark
89%
S.AmericaEcuador
89%
AsiaKuwait
89%
AfricaMali
89%
EuropeNorway
89%
S.AmericaPeru
89%
EuropeSpain
89%
N.AmericaCuba
86%
AfricaLibya
86%
N.AmericaMexico
86%
S,AmericaSuriname
86%
EuropeHungary
84%
AsiaIsrael
84%
AfricaNiger
84%
EuropeSerbia
84%
EuropeUkraine
84%
AsiaVietnam
84%
AsiaBhutan
81%
AfricaChad
81%
AsiaJordan
81%
AfricaKenya
81%
AsiaNepal
81%
AfricaSudan
81%
AsiaSyria
81%
EuropeBelarus
78%
N.AmericaHonduras
78%
AsiaCyprus
73%
EuropeEstonia
73%
AfricaGuinea
73%
OceaniaTonga
73%
AsiaBrunei
70%
EuropeSlovenia
70%
EuropeSwitzerland
70%
AfricaGabon
62%
AsiaSingapore
62%
AsiaMaldives
57%
AsiaUzbekistan
57%

Score Distribution

Percentile by Number Answered

Percent of People with Each Score

Your Score History

You have not taken this quiz